[Event "Runavik Open 2018"]
[Site "Runavik"]
[Date "2018.11.15"]
[Round "5"]
[White "Bernadskiy, Vitaliy"]
[Black "Olsen, Kaj"]
[Result "1-0"]
[WhiteElo "2544"]
[BlackElo "1718"]
[Annotator "TA"]
[PlyCount "75"]
[EventDate "2018.11.12"]
[EventType "swiss"]
[EventCountry "FAI"]
[SourceTitle "playchess.com"]
[Source "ChessBase"]
[SourceQuality "1"]

{[%evp 17,75,10,7,0,40,36,103,96,91,101,98,101,127,139,127,120,135,105,114,99,214,216,301,314,301,292,308,291,289,274,495,495,495,495,493,488,727,732,733,660,720,660,735,723,756,755,1144,1271,1751,1615,1281,1284,6528,5431,5447,2137,1758,1745,29983,29984]} 1. e4 e5 2. Nf3 Nf6 3. Nc3 Nc6 4. Bb5 Bb4 5. O-O O-O 6. d3 Bxc3 7. bxc3 d6 8. Re1 Bg4 9. h3 Bh5 10. a4 $146 {C49: Four Knights: 4 Bb5 Bb4} ({Predecessor:} 10. g4 Bg6 11. Bg5 h6 12. Bh4 Qe7 13. d4 Bh7 14. d5 Na5 15. g5 hxg5 16. Bxg5 c6 17. Bf1 Rac8 {1-0 (53) Middelburg,T (2347)-Oosterom,E (2194) Netherlands 2000}) 10... a6 11. Bc4 d5 (11... Nd7 $14) 12. exd5 $16 {White is better.} Nxd5 {[#]} 13. g4 $1 {[%cal Rg4h5]} Bg6 14. Nxe5 Nxc3 15. Nxc6 bxc6 16. Qf3 $36 {[%mdl 2048] Black must now prevent Ba3. Black is under strong pressure.} Nd5 17. Ba3 Re8 18. a5 Qf6 (18... h6 $16 {is a better defense.}) 19. Qxf6 Nxf6 20. Rxe8+ Nxe8 21. f4 {[%cal Bf2f4,Bf4f5][%mdl 32]} h5 22. f5 Bh7 23. Be7 Nf6 $2 {[#]} (23... g6 {was worth a try.} 24. gxh5 gxh5) 24. Bxf6 $18 gxf6 {[%mdl 4096] Endgame KRB-KRB} 25. Rb1 hxg4 26. hxg4 Ra7 (26... Kf8 $142 27. Rb7 Rc8 28. Bxa6 Ra8) 27. Rb8+ Kg7 28. Kf2 c5 29. Bd5 c6 30. Bxc6 Re7 31. Rb7 Re5 32. c4 Bxf5 33. gxf5 Rxf5+ {KRB-KR} 34. Bf3 Re5 35. Rb6 f5 36. Rxa6 (36. Bd5 $142 Re7 37. Rxa6) 36... f4 37. Rb6 Re3 38. a6 {Precision: White = 86%, Black = 21%.} 1-0

[Event "Runavik Open 2018"]
[Site "Runavik"]
[Date "2018.11.15"]
[Round "5"]
[White "Papin, Vasily"]
[Black "Nielsen, Hogni Egilstoft"]
[Result "1/2-1/2"]
[WhiteElo "2483"]
[BlackElo "2400"]
[Annotator "TA"]
[PlyCount "61"]
[EventDate "2018.11.12"]
[EventType "swiss"]
[EventCountry "FAI"]
[SourceTitle "playchess.com"]
[Source "ChessBase"]
[SourceQuality "1"]

{[%evp 15,61,27,25,0,0,0,0,0,10,0,0,0,0,6,14,4,10,8,12,-6,0,0,16,17,42,0,10,12,16,11,17,9,9,9,6,4,22,0,0,0,2,1,3,9,3,0,2,0]} 1. d4 Nf6 2. Nf3 e6 3. c4 b6 4. a3 Ba6 5. Qb3 d5 6. cxd5 {E12: Queen's Indian: Unusual White 4th moves, 4 a3, 4 Nc3 Bb7 5 a3 and 4 Nc3 Bb7} Qxd5 7. Qc2 c5 8. Nc3 Qd7 {LiveBook: 5 Games} 9. Be3 $146 ({Predecessor:} 9. dxc5 Bxc5 10. g3 Nc6 11. Bg2 Bb7 12. O-O Nd4 {½-½ (12) Riazantsev,A (2705)-Maiorov,N (2541) Warsaw 2012}) 9... cxd4 10. Bxd4 Be7 11. Rd1 Qc8 12. g3 O-O 13. Bg2 Bb7 14. O-O Nbd7 15. Rd2 Qc7 16. Rfd1 Rac8 17. Qb1 Rfd8 18. Be3 Bc6 19. Bf4 Qb7 $1 20. Bd6 (20. e4 $5) 20... Nc5 {[#] Hoping for ...Nfe4.The position is equal.} 21. Bxe7 Qxe7 22. Ne5 Bxg2 23. Kxg2 Rxd2 24. Rxd2 Qc7 25. Qd1 {next Nb5 is good for White.} Kf8 26. Nf3 (26. f4 {looks sharper.} g5 27. Rd4 gxf4 28. gxf4 Qb7+ 29. Kh3) 26... a6 27. h3 Ke7 28. Rd4 Rd8 29. Rxd8 Qxd8 30. Qxd8+ Kxd8 31. Ne5 {Precision: White = 57%, Black = 65%.} 1/2-1/2

[Event "Runavik Open 2018"]
[Site "Runavik"]
[Date "2018.11.15"]
[Round "5"]
[White "Kjartansson, Gudmundur"]
[Black "Nielsen, Rogvi Egilstoft"]
[Result "0-1"]
[WhiteElo "2423"]
[BlackElo "2339"]
[Annotator "TA"]
[PlyCount "158"]
[EventDate "2018.11.12"]
[EventType "swiss"]
[EventCountry "FAI"]
[SourceTitle "playchess.com"]
[Source "ChessBase"]
[SourceQuality "1"]

{[%evp 20,158,40,-5,-5,0,-9,-16,-15,-45,-56,-60,-60,-55,-53,-60,-47,-67,-53,-59,-56,-54,-74,-100,-89,-123,-133,-123,-102,-116,-75,-93,-21,-100,-53,-53,-75,-180,-86,-79,-93,-81,-52,-437,-440,-441,-387,-387,-109,-105,-45,-27,-63,-53,0,0,0,0,0,0,0,-120,-97,-99,-98,-852,-828,-2038,-2008,-1841,-1714,-1092,-748,-4380,-2129,-4048,-2533,-29966,-29967,-29967,-4133,-29966,-29964,-29965,-29968,-29967,-29970,-29970,-29971,-29971,-29971,-29972,-29974,-29970,-29969,-29968,-29969,-29967,-29954,-29966,-1456,-29968,-29968,-29968,-29969,-29965,-29959,-5073,-8024,-29977,-29976,-29978,-29978,-29979,-29980,-29980,-29978,-29978,-29979,-29978,0,-29975,-29972,-29972,-29975,-29975,-29974,-29967,-29973,-29975,-29975,-29981,-29982,-29982,-29983,-29983,-29984,-29984,-29985,-29985,-29985]} 1. c4 e6 2. Nc3 d5 3. d4 Nf6 4. Nf3 Bb4 5. Qa4+ Nc6 6. e3 O-O 7. Qc2 {D38: Queen's Gambit Declined: Ragozin Defence (4 Nf3 Bb4)} dxc4 8. Bxc4 Bd6 9. a3 e5 10. d5 Ne7 11. e4 {LiveBook: 4 Games} c6 12. dxc6 $146 ({Predecessor:} 12. Bg5 cxd5 13. Bxf6 dxc4 14. Bxe5 {1-0 (56) Michalik,P (2576)-Saric,I (2661) Jerusalem 2015}) 12... Nxc6 {[%cal Be7c6,Bc6d4,Bd4c2][%mdl 32]} 13. Be3 Bg4 14. Nb5 Bxf3 15. gxf3 a6 16. Nxd6 Qxd6 17. Bc5 $1 {[%cal Rc5d6]} Nd4 18. Bxd6 Nxc2+ 19. Kd2 $1 {[%cal Rd2c2]} Rfd8 20. Kxc2 Rxd6 21. Rhd1 Rc6 22. Kb3 Rac8 23. Bf1 g6 {Hoping for ...Rb6+.} 24. Rd2 Rb6+ 25. Ka4 Nh5 (25... Kg7 $17 26. Ka5 Rb3) 26. Rad1 (26. b4 $1 $11 {remains equal.}) 26... Kg7 27. b4 $1 Rf6 $36 {[%mdl 2048] White is under strong pressure.} 28. Rd3 (28. Ka5 $17) 28... Nf4 (28... Rc2 $19 29. R3d2 Rc3) 29. Rd7 $17 b5+ 30. Ka5 Rc3 {[%cal Rc3a3]} 31. a4 $2 {[%mdl 8192]} ({White has to play} 31. Ra1 $1 $15) 31... Ra3 $19 {[%csl Gb5][%cal Ra3a4]} 32. Bxb5 axb5 33. Kxb5 Ne6 $2 (33... Ne2 $19 {is more deadly.} 34. R1d3 Nc3+ 35. Kc5 Nxa4+ 36. Kb5 Ra2) 34. R1d3 $17 {[#]} Rxf3 (34... Nc7+ $1 $17 {[%mdl 512]} 35. Kc5 (35. Rxc7 Rxd3) 35... Ne6+ 36. Kb5 Ra1) 35. Rxa3 $15 Rxa3 $17 {[%mdl 4096] Endgame KRN-KR} 36. a5 {White wants to play Kb6.} Ng5 ({Better is} 36... Nd4+ $15 37. Kb6 Rb3) 37. a6 $11 {Kb6 is the strong threat.} Nxe4 38. Kb6 {Strongly threatening a7.} Nxf2 39. a7 e4 $1 {[%cal Be5e4,Be4e3,Be3e2][%mdl 32] Threatens to win with ...e3.} 40. b5 (40. Re7 $1 $11) 40... e3 $17 41. Re7 {aiming for Rxe3!} Ng4 42. Re8 $2 {[%mdl 8192]} (42. Kb7 $17 Kf6 43. Rc7) 42... f5 $1 $19 43. h3 {[#]} Kf7 $1 {[%cal Rf7e8]} 44. a8=Q Rxa8 45. Rxa8 {KR-KN} e2 46. Ra1 {[#]} f4 $1 {[%cal Rf4f3]} 47. hxg4 {KR-KP} f3 48. Ra3 f2 49. Rf3+ Ke7 (49... Ke6 $142 50. Re3+ Kd5 51. Rxe2 f1=Q 52. Rc2 Qg1+ 53. Ka6 Qxg4 54. Rd2+ Ke6 55. Kb7 Qe4+ 56. Ka6 h5 57. Rd8 Qa4+ 58. Kb6 h4 59. Rg8 Kf5 60. Rf8+ Kg4 61. Rf7 h3 62. Rd7 h2 63. Rh7 Qd4+ 64. Kc6 Qe4+ 65. Kc7 h1=Q 66. Rxh1 Qxh1 67. b6 Qc1+ 68. Kd7 Qb2 69. Kc7 Qe5+ 70. Kc8 Qc5+ 71. Kb7 g5 72. Ka6 Kf4 73. Kb7 g4 74. Ka7 g3 75. Ka6 g2 76. b7 Qc6+ 77. Ka5 Qxb7 78. Ka4 g1=Q 79. Ka5 Qga7#) 50. Re3+ Kd7 51. Rd3+ Ke6 52. Re3+ Kd5 53. Rxe2 f1=Q {KQ-KR} 54. Rc2 Qg1+ 55. Ka6 Qxg4 56. Rd2+ Kc5 57. Rc2+ Kd6 58. Rd2+ Ke5 59. b6 Qa4+ 60. Kb7 h5 {[%cal Bh7h5,Bh5h4][%mdl 32]} 61. Kb8 Qb4 62. Re2+ Kf4 63. b7 h4 64. Re8 g5 65. Rh8 Kg3 66. Rh5 g4 67. Ka7 Qd4+ 68. Ka6 Qd6+ 69. Ka7 Qd4+ 70. Ka6 $1 Qc4+ {Black mates.} 71. Rb5 Qc6+ 72. Ka5 Qc7+ 73. Ka6 Qb8 74. Rb3+ Kh2 75. Rb4 Kh3 76. Rc4 g3 {[%cal Bg4g3,Bg3g2][%mdl 32]} 77. Rc8 Qd6+ 78. Ka7 g2 79. Rg8 Qc5+ {Precision: White = 44%, Black = 43%.} 0-1

[Event "Runavik Open 2018"]
[Site "Runavik"]
[Date "2018.11.15"]
[Round "5"]
[White "Fjallheim, Leif Reinert"]
[Black "Hojgaard, Brandur"]
[Result "1-0"]
[WhiteElo "1919"]
[BlackElo "1708"]
[Annotator "NA RC"]
[PlyCount "103"]
[EventDate "2018.11.12"]
[EventType "swiss"]
[EventCountry "FAI"]
[SourceTitle "playchess.com"]
[Source "ChessBase"]
[SourceQuality "1"]
[TimeControl "40/5400+30:900+30"]

{[%evp 17,101,-25,-26,-43,32767,32767,0,-11,-25,-16,-20,-41,-29,-19,32767,-65,-63,-75,-56,-50,68,58,96,0,0,0,21,9,25,9,54,43,52,52,53,58,54,37,100,125,134,82,83,88,105,96,165,94,97,32767,32767,32767,32767,32767,32767,32767,32767,32767,157,164,181,185,199,142,159,165,201,183,181,224,242,249,202,181,217,231,250,231,234,227,261,276,281,330,32767,357]} 1. Nf3 {[%emt 0:03:24]} Nf6 {[%emt 0:00:31]} 2. g3 {[%emt 0:00:13]} d5 {[%emt 0:00:39]} 3. d3 {[%emt 0:01:00]} Bf5 {[%emt 0:03:06] A06: Réti Opening:1 Nf3 d5} (3... g6 4. Bg2 Bg7 5. O-O O-O 6. Nc3 c5 7. e4 d4 8. Ne2 Nc6 9. Nd2 e5 10. h3 Ne8 11. f4 Nd6 12. g4 f5 13. exf5 gxf5 14. g5 Bd7 {1-0 (37) Nakamura,H (2777)-Hou,Y (2658) chess.com INT 2018}) 4. c4 {[%emt 0:05:19]} e6 {[%emt 0:01:22]} 5. a3 {[%emt 0:02:33]} c6 {[%emt 0:03:51]} 6. b3 {[%emt 0:03:13]} Bd6 {[%emt 0:08:01]} 7. Bb2 {[%emt 0:01:35]} Nbd7 {[%emt 0:01:01]} 8. Nc3 $146 {[%emt 0:03:21]} ({Predecessor:} 8. Bg2 h6 9. O-O O-O 10. Nbd2 a5 11. Qe1 Qe7 {½-½ (20) Perich,S (1931)-Webel,J (1776) Arco 2011}) 8... O-O {[%emt 0:07:38]} 9. Nh4 {[%emt 0:01:29]} Bg4 {[%emt 0:06:22]} 10. Bg2 {[%emt 0:03:08]} Qe7 {[%emt 0:04:10]} 11. h3 {[%emt 0:02:32]} Bh5 {[%emt 0:01:53]} 12. Qc2 {[%emt 0:02:48]} Rac8 {[%emt 0:03:05]} 13. Nd1 {[%emt 0:06:40]} Be5 {[%emt 0:09:34]} 14. d4 {[%emt 0:12:58]} Bb8 {[%emt 0:03:28]} 15. O-O {[%emt 0:02:31]} c5 {[%emt 0:05:52]} 16. dxc5 {[%emt 0:08:14]} Qxc5 {[%emt 0:04:25]} 17. Ne3 {[%emt 0:07:19]} Bxg3 {[%emt 0:15:01]} 18. b4 {[%emt 0:04:44]} Qc7 {[%emt 0:03:13]} ({Black should play} 18... Qb6 $15 19. c5 Bxh4 20. cxb6 Rxc2 21. Nxc2 Nxb6) 19. fxg3 {[%emt 0:03:36]} Qxg3 {[%emt 0:01:14] [#]} 20. Nf3 {[%emt 0:00:57]} (20. Nef5 $1 $16 {[%mdl 512]} exf5 21. Nxf5 Rxc4 22. Qd2) 20... dxc4 {[%emt 0:03:51]} 21. Bc3 {[%emt 0:06:40]} Bg6 {[%emt 0:01:09]} 22. Qc1 {[%emt 0:00:40]} Ne4 {[%emt 0:01:59]} 23. Be1 {[%emt 0:01:42]} Qc7 {[%emt 0:02:10]} 24. Nh4 $1 {[%emt 0:05:20]} Ng3 {[%emt 0:03:03]} 25. Bxg3 $1 {[%emt 0:04:20]} Qxg3 {[%emt 0:00:16]} 26. Nxg6 {[%emt 0:02:25]} Qxg6 {[%emt 0:01:06]} 27. Nd1 {[%emt 0:02:04]} ({Much worse is} 27. Nxc4 Nb6 $15) 27... Rc7 {[%emt 0:03:16]} 28. Nc3 {[%emt 0:00:07]} Nf6 {[%emt 0:01:02]} 29. Qe1 {[%emt 0:01:08]} ({Better is} 29. Qf4 Rfc8 30. Rad1) 29... Nd5 {[%emt 0:00:35]} 30. Rf3 {[%emt 0:00:24]} Nxc3 {[%emt 0:00:40]} 31. Qxc3 {[%emt 0:00:19]} Rd8 {[%emt 0:00:53]} (31... Qh6 $16 {was worth a try.}) 32. Rg3 {[%emt 0:00:43]} Qh6 {[%emt 0:00:17]} 33. a4 {[%emt 0:01:08]} g6 {[%emt 0:00:44]} 34. Rc1 {[%emt 0:00:46]} Qg7 {[%emt 0:00:31]} 35. Qxg7+ {[%emt 0:00:35]} Kxg7 {[%emt 0:00:02]} 36. Rgc3 {[%emt 0:00:22]} Rd4 {[%emt 0:00:28]} 37. e3 {[%emt 0:01:05]} Rdd7 {[%emt 0:01:23]} 38. Rxc4 {[%emt 0:00:20]} Rxc4 {[%emt 0:00:07]} 39. Rxc4 {[%emt 0:00:04]} b6 {[%emt 0:00:34]} 40. Rc3 {[%emt 0:00:00]} Rd1+ {[%emt 0:00:00]} 41. Kf2 {[%emt 0:03:58]} Rd7 {[%emt 0:03:07]} 42. Ke2 {[%emt 0:03:16]} Kf6 {[%emt 0:02:32]} 43. a5 {[%emt 0:03:04]} bxa5 {[%emt 0:04:44]} 44. bxa5 {[%emt 0:00:03]} Ke7 {[%emt 0:02:03]} 45. a6 {[%emt 0:00:58]} f5 {[%emt 0:00:14]} 46. Rc8 {[%emt 0:04:59]} Rd8 {[%emt 0:00:25]} 47. Rc7+ {[%emt 0:01:11]} Rd7 {[%emt 0:00:16]} 48. Rb7 {[%emt 0:00:02]} Kd6 {[%emt 0:02:28]} 49. Rb8 {[%emt 0:01:32]} Kc7 {[%emt 0:00:24]} 50. Re8 {[%emt 0:00:31]} Kd6 {[%emt 0:01:58]} 51. Bb7 $18 {[%emt 0:00:21]} Kc7 {[%emt 0:02:15]} 52. Rxe6 {[%emt 0:00:23]} 1-0

[Event "Runavik Open 2018"]
[Site "Runavik"]
[Date "2018.11.15"]
[Round "5"]
[White "Berg, Margar M."]
[Black "Markensten, Max"]
[Result "1-0"]
[WhiteElo "1852"]
[BlackElo "1660"]
[Annotator "NA RC"]
[PlyCount "123"]
[EventDate "2018.11.12"]
[EventType "swiss"]
[EventCountry "FAI"]
[SourceTitle "playchess.com"]
[Source "ChessBase"]
[SourceQuality "1"]
[TimeControl "40/5400+30:900+30"]

{[%evp 22,122,-28,-35,-27,-60,-53,32767,-53,-79,-36,-110,-52,-151,-157,-185,0,0,0,32767,32767,32767,32767,-6,-6,-25,59,4,4,0,0,-25,-11,0,0,0,0,-5,0,15,6,-1,0,0,10,5,349,5,12,3,0,9,0,0,0,0,7,12,12,9,548,544,620,612,553,781,734,698,933,566,609,731,1286,938,1473,543,1401,792,5410,352,597,4943,706,1181,4935,29957,6025,4618,4618,29966,29979,29972,29984,29985,29986,29987,29989,29990,29990,29991,29998,29999,29999]} 1. d4 {[%emt 0:03:07]} d5 {[%emt 0:00:00]} 2. Bg5 {[%emt 0:00:42]} h6 {[%emt 0:00:00]} 3. Bf4 {[%emt 0:00:21]} Nf6 {[%emt 0:00:45] D00: 1 d4 d5: Unusual lines} (3... c5 4. e3 Nc6 5. Nf3 Nf6 6. Nc3 Bg4 7. Be2 e6 8. O-O Be7 9. h3 Bxf3 10. Bxf3 cxd4 11. exd4 {½-½ (55) Nakamura,H (2775)-Sargissian,G (2686) Dubai 2014}) 4. Nf3 {[%emt 0:00:50]} Bf5 {[%emt 0:00:28]} 5. g3 {[%emt 0:00:23]} e6 {[%emt 0:04:50]} 6. Bg2 {[%emt 0:00:26]} Be7 $146 {[%emt 0:01:57]} ({Predecessor:} 6... c5 7. c3 Nc6 8. Ne5 Nxe5 9. dxe5 Nd7 10. c4 Nb6 11. cxd5 exd5 12. O-O Be7 13. Nc3 {0-1 (45) Tran,D (2008)-Pham,M (2025) Ho Chi Minh 2017}) 7. O-O {[%emt 0:00:14]} Nbd7 {[%emt 0:01:06]} 8. c4 {[%emt 0:02:10]} c6 {[%emt 0:02:49]} 9. Nc3 {[%emt 0:00:36]} O-O {[%emt 0:01:25]} 10. a3 {[%emt 0:09:15]} Rc8 {[%emt 0:06:39]} 11. c5 {[%emt 0:05:03]} b6 {[%emt 0:10:42]} 12. b4 {[%emt 0:02:07]} Re8 {[%emt 0:04:07]} 13. Ne5 {[%emt 0:08:34]} Nxe5 {[%emt 0:03:33]} 14. Bxe5 {[%emt 0:09:01]} Nd7 {[%emt 0:07:09]} 15. f4 {[%emt 0:29:35]} f6 {[%emt 0:08:25]} (15... Nxe5 $17 16. fxe5 Bg5) 16. e4 {[%emt 0:00:59]} dxe4 {[%emt 0:06:05]} 17. Nxe4 {[%emt 0:04:22]} (17. Bd6 $15) 17... fxe5 {[%emt 0:03:41]} 18. fxe5 {[%emt 0:00:27]} Nxe5 $2 {[%emt 0:13:44]} ({Black should try} 18... bxc5 $19 19. bxc5 Qa5) 19. dxe5 {[%emt 0:01:44]} Qxd1 {[%emt 0:00:25]} 20. Rfxd1 {[%emt 0:03:07]} Bxe4 {[%emt 0:02:13]} 21. Bxe4 {[%emt 0:00:15]} bxc5 {[%emt 0:01:13]} 22. Kg2 {[%emt 0:01:01]} cxb4 {[%emt 0:03:33]} 23. axb4 {[%emt 0:00:12]} c5 {[%emt 0:04:55]} (23... Rc7 $11) 24. Rxa7 {[%emt 0:01:33]} (24. Rd7 $14) 24... cxb4 {[%emt 0:00:51]} 25. Bg6 {[%emt 0:02:34]} Red8 {[%emt 0:01:21]} 26. Rf1 {[%emt 0:01:39]} Rd2+ {[%emt 0:04:05]} 27. Kh3 {[%emt 0:00:58]} Rf8 {[%emt 0:00:53]} 28. Rc1 {[%emt 0:04:32]} Bd8 {[%emt 0:03:28]} 29. Rb7 {[%emt 0:02:55]} Rd5 {[%emt 0:03:33]} 30. Re1 {[%emt 0:02:20]} Ba5 {[%emt 0:00:26]} 31. Be4 {[%emt 0:01:44]} Rc5 {[%emt 0:00:33]} 32. Bb1 {[%emt 0:00:50]} Rc7 {[%emt 0:00:22]} 33. Rb5 {[%emt 0:00:34]} Ra8 $2 {[%emt 0:00:36]} (33... b3 $11 {and Black has nothing to worry.} 34. Rxa5 b2) 34. Bg6 $2 {[%emt 0:00:11]} ({White must play} 34. Be4 $18 Re8 35. Rxa5) 34... Rd7 {[%emt 0:00:29]} 35. Rc1 {[%emt 0:00:42]} Rd5 {[%emt 0:00:24]} 36. Rxd5 {[%emt 0:02:17]} exd5 {[%emt 0:00:07]} 37. Rd1 {[%emt 0:00:19]} Rd8 {[%emt 0:00:25]} 38. Rf1 {[%emt 0:00:32]} Bc7 {[%emt 0:00:33]} 39. e6 {[%emt 0:00:17]} Bd6 {[%emt 0:00:44]} 40. Rf7 {[%emt 0:00:00]} Re8 $2 {[%emt 0:00:00]} (40... Bc5 $11 {and Black is okay.}) 41. Rd7 {[%emt 0:01:44]} Rxe6 {[%emt 0:10:00]} 42. Bf7+ {[%emt 0:00:29] Double Attack} Kf8 {[%emt 0:00:11]} 43. Bxe6 {[%emt 0:00:10]} Be5 {[%emt 0:00:24]} 44. Rxd5 {[%emt 0:00:20]} Bc3 {[%emt 0:00:16]} 45. Rb5 {[%emt 0:00:18]} Ke7 {[%emt 0:00:22]} 46. Bb3 {[%emt 0:00:17]} Kf6 {[%emt 0:01:43]} 47. Kg4 {[%emt 0:00:16]} Ke7 {[%emt 0:01:19]} 48. Kh5 {[%emt 0:00:16]} Kf6 {[%emt 0:00:24]} 49. Rb6+ {[%emt 0:00:09]} Kf5 {[%emt 0:00:38]} 50. Bc2+ $2 {[%emt 0:00:22]} (50. Rb7 Ke4 51. Kg4) 50... Ke5 {[%emt 0:00:36]} 51. Kg6 {[%emt 0:00:10]} Kd5 {[%emt 0:00:24]} 52. Rb7 {[%emt 0:00:17]} Ke6 {[%emt 0:03:18]} 53. g4 {[%emt 0:01:09]} Kd5 {[%emt 0:00:36]} 54. h4 {[%emt 0:00:22]} Ke6 {[%emt 0:00:50]} 55. h5 {[%emt 0:00:13]} Kd5 {[%emt 0:00:37]} 56. Rxg7 {[%emt 0:00:19]} Bxg7 {[%emt 0:00:06]} 57. Kxg7 {[%emt 0:00:12]} Ke6 {[%emt 0:01:13]} 58. Kxh6 {[%emt 0:00:08]} Kf7 {[%emt 0:00:19]} 59. g5 {[%emt 0:00:10]} Kg8 {[%emt 0:00:29]} 60. g6 {[%emt 0:00:30]} Kh8 {[%emt 0:00:47]} 61. g7+ {[%emt 0:00:09]} Kg8 {[%emt 0:00:09]} 62. Bb3# {[%emt 0:00:05]} 1-0

[Event "Runavik Open 2018"]
[Site "Runavik"]
[Date "2018.11.15"]
[Round "5"]
[White "Skaale, Janus"]
[Black "Nielsen, Jon I Horni"]
[Result "1-0"]
[WhiteElo "1839"]
[BlackElo "1710"]
[Annotator "NA RC"]
[PlyCount "95"]
[EventDate "2018.11.12"]
[EventType "swiss"]
[EventCountry "FAI"]
[SourceTitle "playchess.com"]
[Source "ChessBase"]
[SourceQuality "1"]
[TimeControl "40/5400+30:900+30"]

{[%evp 14,88,52,32767,32767,32767,32767,59,32767,32767,83,66,79,100,82,38,69,51,60,35,52,32767,67,70,216,141,32767,309,247,164,254,237,275,239,281,260,322,300,308,243,294,262,237,253,410,187,257,267,309,337,403,348,451,444,429,468,456,477,481,32767,32767,32767,32767,661,612,551,646,551,1182,1940,29986,29987,29995,29996,29996,29997,29997]} 1. e4 {[%emt 0:00:00]} e5 {[%emt 0:00:03]} 2. Nf3 {[%emt 0:00:00]} Nc6 {[%emt 0:01:06]} 3. Bc4 {[%emt 0:00:36]} Bc5 {[%emt 0:01:19]} 4. c3 {[%emt 0:00:31]} Nf6 {[%emt 0:01:45]} 5. d3 {[%emt 0:00:50]} d6 {[%emt 0:02:14]} 6. Nbd2 {[%emt 0:01:13]} Bg4 {[%emt 0:04:17] C54: Giuoco Piano: 4 c3 Nf6, main lines with 5 d4 and 5 d3} (6... a6 7. Bb3 h6 8. Nf1 d5 9. exd5 Nxd5 10. Ng3 O-O 11. O-O Re8 12. Re1 Nf6 13. h3 Be6 14. Bc2 Bd5 15. Nh4 {½-½ (43) Duda,J (2739)-Mamedyarov,S (2820) Batumi 2018}) 7. h3 {[%emt 0:00:47]} Bh5 {[%emt 0:01:32]} 8. Nf1 {[%emt 0:03:40]} h6 {[%emt 0:04:14]} 9. Ng3 {[%emt 0:03:55]} Bg6 {[%emt 0:02:56]} 10. O-O {[%emt 0:03:35]} O-O {[%emt 0:03:29]} 11. Re1 {[%emt 0:11:47]} Re8 {[%emt 0:04:18]} 12. a4 {[%emt 0:11:54]} a6 {[%emt 0:05:31]} 13. b4 {[%emt 0:06:35]} Bb6 {[%emt 0:01:16]} 14. Be3 $146 {[%emt 0:01:57]} ({Predecessor:} 14. Qb3 Re7 15. Nh4 Bh7 {1-0 (24) Meric,G (1510)-Gheng,D (1690) Willingen 2015}) 14... Nd7 {[%emt 0:03:10]} 15. a5 {[%emt 0:05:43]} Bxe3 {[%emt 0:01:51]} 16. fxe3 {[%emt 0:00:35]} Nf6 {[%emt 0:02:20]} 17. Qb3 {[%emt 0:02:18]} Qd7 {[%emt 0:02:05]} 18. Nh4 {[%emt 0:02:01]} Ne7 {[%emt 0:03:08]} (18... Kh7 $16) 19. Rf1 {[%emt 0:02:18]} c6 {[%emt 0:02:33]} 20. Nxg6 {[%emt 0:06:55]} Nxg6 {[%emt 0:00:12] [#]} 21. Nh5 {[%emt 0:01:56]} (21. Rxf6 $142 $1 {[%mdl 512]} gxf6 22. Rf1) 21... Qe7 {[%emt 0:04:52]} (21... Rad8 $142 22. Qd1 (22. Nxf6+ gxf6 23. Qd1 d5 $16) (22. Rxf6 d5 $16) 22... d5) 22. Nxf6+ {[%emt 0:03:30]} ({Resist} 22. Rxf6 $6 gxf6 23. Rf1 Rf8) 22... gxf6 {[%emt 0:00:18]} 23. Ra2 {[%emt 0:01:02]} Kg7 {[%emt 0:01:33]} 24. Raf2 {[%emt 0:00:27]} Rf8 {[%emt 0:01:38]} 25. Qd1 {[%emt 0:01:46]} ({But not} 25. Rxf6 $6 Qxf6 26. Rxf6 Kxf6 $18) 25... Rad8 {[%emt 0:04:16]} 26. Qf3 {[%emt 0:04:45]} ({Less strong is} 26. Rxf6 Qxf6 27. Rxf6 Kxf6 $18) 26... d5 {[%emt 0:02:29]} 27. exd5 {[%emt 0:01:02]} cxd5 {[%emt 0:00:58]} 28. Bxd5 {[%emt 0:00:31]} Rd6 $2 {[%emt 0:00:12]} (28... f5 29. d4 (29. Bxb7 e4 $14) 29... f6) 29. Bc4 {[%emt 0:04:54]} (29. c4 $142) 29... Rc8 {[%emt 0:03:39]} 30. Qg4 {[%emt 0:00:57]} Rh8 {[%emt 0:03:22]} 31. Rf5 {[%emt 0:07:09]} Kh7 {[%emt 0:01:55]} 32. Qe4 {[%emt 0:02:03]} Rg8 {[%emt 0:02:01]} 33. h4 {[%emt 0:03:45]} Kg7 {[%emt 0:00:49]} 34. h5 {[%emt 0:00:41]} Nf8 {[%emt 0:00:54]} 35. d4 {[%emt 0:02:37]} Nd7 {[%emt 0:01:22]} 36. dxe5 {[%emt 0:02:05]} Nxe5 {[%emt 0:00:57]} 37. Bxf7 {[%emt 0:00:58]} Nf3+ {[%emt 0:02:17]} 38. Qxf3 {[%emt 0:00:19]} Kxf7 {[%emt 0:00:07]} 39. Qf4 {[%emt 0:00:49]} Kg7 {[%emt 0:00:58]} 40. e4 {[%emt 0:00:00]} Re6 {[%emt 0:00:00]} 41. e5 {[%emt 0:03:22]} Rxe5 {[%emt 0:03:43]} 42. Rxf6 {[%emt 0:00:33]} Kh8 {[%emt 0:00:24]} 43. Rxh6+ {[%emt 0:01:21]} Kg7 {[%emt 0:00:05]} 44. Rg6+ {[%emt 0:00:11]} Kh8 {[%emt 0:00:03]} 45. Qh6+ {[%emt 0:00:13]} Qh7 {[%emt 0:00:07]} 46. Qxh7+ {[%emt 0:00:21]} Kxh7 {[%emt 0:00:06]} 47. Rf7+ {[%emt 0:00:09]} Kh8 {[%emt 0:00:06]} 48. Rh6# {[%emt 0:00:05]} 1-0